Lyrics to 'Del Estadio Al Cielo' by Morat - Statistics

General Stats
  • This quiz has been taken 32 times
  • The average score is 329 of 346
Answer Stats
Answer % Correct
a
100%
al
100%
apuntaste
100%
aquellos
100%
bailando
100%
balón
100%
banda
100%
campeón
100%
campo
100%
canción
100%
cielo
100%
como
100%
cómo
100%
con
100%
corazón
100%
cuando
100%
de
100%
del
100%
despierto
100%
el
100%
emoción
100%
en
100%
es
100%
escuche
100%
esta
100%
está
100%
estadio
100%
estás
100%
flechaste
100%
forma
100%
gente
100%
gol
100%
gritando
100%
jugar
100%
la
100%
La
100%
le
100%
los
100%
me
100%
Me
100%
mi
100%
mirar
100%
momentos
100%
Morat
100%
ocasión
100%
Parece
100%
pasión
100%
por
100%
Por
100%
que
100%
Que
100%
quema
100%
queriéndote
100%
Recuerdo
100%
sales
100%
saltando
100%
se
100%
siempre
100%
Siempre
100%
siento
100%
Somos
100%
te
100%
tocando
100%
tocas
100%
tu
100%
100%
100%
veo
100%
vi
100%
vivo
100%
Y
100%
y
100%
ya
100%
yo
100%
Yo
100%
ahora
80%
alentar
80%
altura
80%
brillar
80%
campeones
80%
canto
80%
comparación
80%
donde
80%
encanto
80%
escucha
80%
ganar
80%
gritar
80%
loco
80%
más
80%
ningún
80%
no
80%
No
80%
once
80%
pidas
80%
pulmón
80%
queremos
80%
quiero
80%
santo
80%
seremos
80%
sigo
80%
soy
80%
sueño
80%
tienes
80%
toda
80%
todo
80%
Todos
80%
un
80%
vamos
80%
van
80%
verdad
80%
vida
80%
voy
80%
acabes
60%
aunque
60%
Confieso
60%
esa
60%
gritarte
60%
ilusión
60%
importa
60%
llegas
60%
Quisiera
60%
Salto
60%
verte
60%
voz
60%
No matching quizzes found
Score Distribution
Percent of People with Each Score
Percentile by Number Answered
Your Score History
You have not taken this quiz